Mi primer atlas.

Guardat en:
Dades bibliogràfiques
Autor principal: López O., Marcela (autora)
Altres autors: Leyton, Paulina (ilustradora)
Format: Llibre
Publicat: Santiago, Chile: Pehuén, 2011.
Edició:Primera edición.
Matèries:
Etiquetes: Afegir etiqueta
Sense etiquetes, Sigues el primer a etiquetar aquest registre!

MARC

LEADER 00000nam a22000007a 4500
003 CL-VaPUC
005 20250321101927.0
008 250121t2011 ||||| |||| 00| 0 eng d
999 |c 446690  |d 446688 
020 |a 978-956-16-0540-4 
040 |c Pontificia Universidad Católica de Valparaíso 
082 |a 912 LOP 2011 
100 |9 895656  |a López O., Marcela  |e autora 
245 |a Mi primer atlas. 
250 |a Primera edición. 
260 |a Santiago, Chile:  |b Pehuén,  |c 2011. 
300 |a 39 páginas:  |b ilustraciones. 
500 |a c.1. Instituto Arcos.08-01-2025. 
583 |c 20250121  |k Gabriela Rodríguez Cuevas 
650 0 |9 437667  |a Atlas geográfico  |x Libro ilustrado infantil 
700 |9 895657  |a Leyton, Paulina  |e ilustradora 
942 |2 ddc  |c BK  |n 0 
952 |0 0  |1 0  |2 ddc  |4 0  |6 912_000000000000000_LOP_2011  |7 0  |9 599615  |a BIBINC  |b BIBINC  |c GEN  |d 2025-01-21  |e Instituto Arcos  |i 5664413  |o 912 LOP 2011  |p 5664413  |r 2025-01-21  |t 1  |w 2025-01-21  |y BK  |k IFP